Mechanika /

Guardado en:
Detalles Bibliográficos
Autor principal: Kvasnica, Jozef (Autor)
Formato: Libro
Lenguaje:checo
Publicado: Praha : Academia, 1988
Edición:1.vyd.
Etiquetas: Agregar Etiqueta
Sin Etiquetas, Sea el primero en etiquetar este registro!

MARC

LEADER 00000nam a22000003a 4500
001 stu6076
005 20250606100041.9
008 940607s1988----cs------------------cze-d
040 |a STU  |b slo 
041 0 |a cze 
044 |a cs 
080 |a 531/534  |7 stu_us_auth*stu7969 
100 1 |a Kvasnica, Jozef  |4 aut 
245 1 |a Mechanika /  |c Aut.: Kvasnica,J.a kol 
250 |a 1.vyd. 
260 |a Praha :  |b Academia,  |c 1988 
300 |a 476 s. 
996 |b 284EK91047  |c E* 91047  |l EE01  |s A  |a 24  |w stu6076_0003